Most populated island countries - Statistics

General Stats
  • This quiz has been taken 133 times
  • The average score is 9 of 10
Answer Stats
Population Answer % Correct
258.705,000 Indonesia
100%
126,980,000 Japan
99%
103,187,000 Philippines
94%
22,434,363 Madagascar
93%
65,097,000 United Kingdom
93%
20,966,000 Sri Lanka
92%
23,496,813 Taiwan
92%
11,238,317 Cuba
91%
24,061,125 Australia
90%
11,078,033 Haiti
81%
No matching quizzes found
Score Distribution
Percent of People with Each Score
Percentile by Number Answered
Your Score History
You have not taken this quiz